000
00209 a2200097 4500
001
15763
100
_a
Beckoff Samuel
245
_a
Physics Advance Test
260
_a
New York
_b
ARCO
_c
090
_c
12319
_d
12319
942
_a
NUST-CAE
_c
M
_c
2580
999
_c
250836
_d
250836